Central Library OPAC University of Rajshahi

Introduction to linear algebra and the theory of matrices / (Record no. 69440)

MARC details
000 -LEADER
fixed length control field 00666nam a2200229 a 4500
001 - CONTROL NUMBER
control field 69440
003 - CONTROL NUMBER IDENTIFIER
rucl marc code BD-RjUL
005 - DATE AND TIME OF LATEST TRANSACTION
control field 20211209081905.0
008 - FIXED-LENGTH DATA ELEMENTS--GENERAL INFORMATION
fixed length control field 170411s1950 ne 001 0 eng d
035 ## - SYSTEM CONTROL NUMBER
System control number (BD-RjUL)69651
040 ## - CATALOGING SOURCE
Original cataloging agency DLC/ICU
Transcribing agency ICU
Modifying agency DLC
-- BD-RjUL
Language of cataloging eng
041 ## - LANGUAGE CODE
Language code of text/sound track or separate title eng
082 00 - DEWEY DECIMAL CLASSIFICATION NUMBER
Edition number 23
Classification number 512.9434
Author mark and year SCI 1950
100 1# - MAIN ENTRY--PERSONAL NAME
Personal name Schwerdtfeger, Hans.
9 (RLIN) 152620
245 10 - TITLE STATEMENT
Title Introduction to linear algebra and the theory of matrices /
Statement of responsibility, etc. Hans Schwerdtfeger.
260 ## - PUBLICATION, DISTRIBUTION, ETC. (IMPRINT)
Place of publication, distribution, etc. Groningen :
Name of publisher, distributor, etc. P. Noordhoff,
Date of publication, distribution, etc. 1950.
300 ## - PHYSICAL DESCRIPTION
Pagination 279 p.
Size 24 cm.
504 ## - BIBLIOGRAPHY, ETC. NOTE
Bibliography, etc Includes index
650 #0 - SUBJECT ADDED ENTRY--TOPICAL TERM
Topical term or geographic name as entry element Matrices.
9 (RLIN) 205682
Topical term or geographic name as entry element Algebras, Linear
9 (RLIN) 205683
942 ## - ADDED ENTRY ELEMENTS (KOHA)
Source of classification or shelving scheme Dewey Decimal Classification
Koha item type Books
Holdings
Lost status Source of classification or shelving scheme Damaged status Not for loan Collection code Permanent Location Current Location Shelving location Date acquired Source of acquisition Cost, normal purchase price Total Checkouts Full call number Date last seen Copy number Koha item type
  Dewey Decimal Classification   Not For Loan Non-fiction Central Library, University of Rajshahi Central Library, University of Rajshahi Reading Room 22/09/1955 B. H. Blacwell 15.00   512.9434 SCI 1950 11/04/2017 C-1 Books